000 00953nam a2200265Ia 4500
003 OSt
005 20221005113536.0
006 a|||||r|||| 00| 0
007 ta
008 221004b |||||||| |||| 00| 0 pan d
020 _a9789351120759 (hbk)
_cINR 125.00
024 _a38537
037 _b1015, 30/01/2018, H.K. Prakashan
_cTextual
040 _aCRL
_cCRL
_bpan
041 _2pan
_apan
082 _aO153,1NKOx, Q5
100 _aਕੋਹਾਰਵਾਲਾ, ਗੁਰਤੇਜ, ਂਚ.
245 0 _aਪਾਣੀ ਦਾ ਹਾFੀਆ
260 _aਲੁਧਿਆਨਾ
_bਚੇਤਨਾ ਪ੍ਰਕਾFਨ ਭਾਰਤ
_c2015
300 _a72ਪ0
_ccm.
650 _a ਪੰਜਾਬੀ ਕਾਵਿ
650 _aਪੰਜਾਾਬੀ ਸਾਹਿਤ
942 _hO153,1NKOx, Q5
_cTEXL
_2cc
999 _c1028532
_d1028532